Thaï GL quotes - Statistiques

Statistiques générales
  • Ce quiz a été pris 6 fois
  • Le résultat moyen est 12 sur 15
Statistiques - réponses
QUOTES SERIES % Correct
Because you've never understood me 23.5
100%
Chasing after someone who keeps running away is exhausting affair
100%
3 years is nothing, i can wait clairebell
100%
I like you. I don't like you. I hate you very much. I hate you. I don't hate you gap
100%
You can be my type for one night girl rules
100%
I'm not into a woman. I'm into a man the secret of us
100%
Waiting for you leaves my mouth idle harmony secret
83%
Hold the hands that want to hold yours poisonous love
83%
Know your place the loyal pin
83%
How dare you treat your own family this way ? us
83%
Has anyone here ever asked what i want pluto
67%
Do you love me too? I don't want to keepwondering alone anymore love design
50%
Lift your hips for me please petrichor
50%
It will fade away, enventually player
50%
So, this is what you're actually like the earth
33%
Aucun quiz correspondant
Distribution des résultats
% des personnes avec chaque résultat
Percentile par nombre de réponses
Votre historique - résultats
Vous n’avez pas pris ce quiz